College Football Programs by Win%: Big 12 - Statistics

General Stats
  • This quiz has been taken 18 times
  • The average score is 13 of 16
Answer Stats
Win % Team % Correct
47.23 Kansas
100%
46.25 Kansas State
100%
60.13 Arizona State
92%
52.29 Oklahoma State
92%
55.52 Arizona
83%
51.20 Baylor
83%
56.99 Colorado
83%
45.98 Iowa State
83%
55.30 Texas Tech
83%
59.42 Utah
83%
58.29 BYU
75%
54.29 TCU
75%
51.88 Cincinnati
67%
54.14 Houston
67%
55.36 UCF
58%
59.30 West Virginia
58%
No matching quizzes found
Score Distribution
Percent of People with Each Score
Percentile by Number Answered
Your Score History
You have not taken this quiz